Normal view
MARC view
- FLUID MECHANICS FLUID MECHANICS FOR ENGINEERING APPLICATIONS
Entry Topical Term
001 - CONTROL NUMBER
- control field: 58060
003 - CONTROL NUMBER IDENTIFIER
- control field: NUST
005 - DATE AND TIME OF LATEST TRANSACTION
- control field: 20210628202041.0
008 - FIXED-LENGTH DATA ELEMENTS
- fixed length control field: 210628|| aca||aabn | a|a d
040 ## - CATALOGING SOURCE
- Original cataloging agency: NUST
- Transcribing agency: NUST
150 ## - HEADING--TOPICAL TERM
- Topical term or geographic name entry element: FLUID MECHANICS FLUID MECHANICS FOR ENGINEERING APPLICATIONS
670 ## - SOURCE DATA FOUND
- Source citation: Work cat.: (NUST): Bloomer, John J 58059, Practical fluid mechanics for engineering applications, 2000
